[Event "34. ABC-Turnier 2014 - Gruppe C"]
[Site "Dortmund"]
[Date "2014.11.20"]
[Round "6.1"]
[White "Giesenberg, Angela"]
[Black "Wickenfeld, Udo"]
[Result "0-1"]
[WhiteElo "1544"]
[BlackElo "1380"]
[PlyCount "46"]
[EventDate "2014.??.??"]

1. Nf3 Nf6 2. g3 g6 3. Bg2 Bg7 4. d3 d6 5. e4 e5 6. O-O O-O 7. h3 Nc6 8. Nc3
Ne7 9. Bd2 c6 10. Qc1 Nd7 11. Bh6 f5 12. Bxg7 Kxg7 13. exf5 Nxf5 14. Qd2 Nf6
15. Rad1 Qb6 16. b3 Nxg3 {(=)} 17. Na4 Nxf1 18. Nxb6 Nxd2 19. Nxa8 Nxf3+ 20.
Bxf3 Bxh3 21. Nc7 Kh8 22. Bg2 Bd7 23. Kh2 Rc8 0-1

[Event "34. ABC-Turnier 2014 - Gruppe C"]
[Site "Dortmund"]
[Date "2014.12.11"]
[Round "6.2"]
[White "Link, Werner"]
[Black "Reich, Peter"]
[Result "0-1"]
[WhiteElo "1465"]
[BlackElo "1510"]
[PlyCount "50"]
[EventDate "2014.??.??"]

1. d4 d5 2. c4 e6 3. Nc3 Nf6 4. Nf3 c5 5. cxd5 exd5 6. e3 Nc6 7. Be2 Bd6 8. O-O
O-O 9. b3 Bg4 10. Bb2 Bxf3 11. Bxf3 cxd4 12. exd4 Bb4 13. a3 Ba5 14. b4 Bc7 15.
Nb5 Bb8 16. Qb3 a6 17. Nc3 Qd6 18. g3 Rd8 19. Rad1 h5 20. Na4 h4 21. Bg2 Ng4
22. Nb6 Ra7 23. Nxd5 Nxh2 24. Kxh2 hxg3+ 25. Qxg3 Qh6+ 0-1

[Event "34. ABC-Turnier 2014 - Gruppe C"]
[Site "Dortmund"]
[Date "2014.12.11"]
[Round "6.3"]
[White "Vogt, Christian"]
[Black "Benke, Werner"]
[Result "1/2-1/2"]
[WhiteElo "1545"]
[BlackElo "1439"]
[PlyCount "131"]
[EventDate "2014.??.??"]

1. d4 d5 2. c4 c6 3. cxd5 cxd5 4. Nf3 Nf6 5. Nc3 e6 6. Bf4 Bd6 7. Bg5 Be7 8. e3
Nbd7 9. Bd3 h6 10. Bh4 O-O 11. O-O a6 12. a4 b6 13. Qe2 Bb7 14. Rfc1 Ne4 15.
Bxe7 Qxe7 16. Nd2 Nxd2 17. Qxd2 Nf6 18. Qe2 Ne4 19. f3 Nf6 20. f4 Ne4 21. Na2
a5 22. Rc2 Rfc8 23. Rac1 Rxc2 24. Rxc2 Rc8 25. Qd1 Qd8 26. Qc1 Rxc2 27. Qxc2
Qd6 28. Nc3 Nxc3 29. Qxc3 f5 30. Bb5 Kf7 31. h3 Ke7 32. Kh2 Kf6 33. g3 Ke7 34.
Kg2 Kf7 35. Kf3 Kf6 36. Ke2 Kf7 37. Kd3 Kf6 38. Kc2 Kf7 39. Kb1 Kf6 40. Ka2 Ke7
41. Qa3 Bc8 42. Qxd6+ Kxd6 43. Ka3 Bb7 44. Kb3 Bc8 45. Kc3 Bb7 46. Kd2 Bc8 47.
Ke1 Ke7 48. Kf2 Kf6 49. Kf3 Ke7 50. g4 g6 51. Kg3 Kf6 52. gxf5 exf5 53. Bc6 Ke6
54. h4 h5 55. Be8 Kf6 56. Kf2 Ba6 57. Bc6 Ke6 58. Bb5 Bc8 59. Be8 Kf6 60. Ke1
Bb7 61. Kd2 Bc8 62. Kc3 Be6 63. b4 Bf7 64. Bxf7 Kxf7 65. bxa5 bxa5 66. Kd3
1/2-1/2

[Event "34. ABC-Turnier 2014 - Gruppe C"]
[Site "Dortmund"]
[Date "2014.11.20"]
[Round "6.4"]
[White "Kirmes, Hans-Uwe"]
[Black "Schrimpl, Michael"]
[Result "1/2-1/2"]
[WhiteElo "1376"]
[BlackElo "1481"]
[PlyCount "47"]
[EventDate "2014.??.??"]

1. e4 d6 2. Nc3 Nf6 3. f4 g6 4. Nf3 Bg7 5. Bc4 e6 6. Bb3 Nbd7 7. d3 b6 8. O-O
O-O 9. Qe1 Nc5 10. Ng5 Bb7 11. Kh1 Nxb3 12. axb3 Nd7 13. Rf3 h6 14. Nh3 d5 15.
Rg3 dxe4 16. dxe4 Nf6 17. Rd3 Qe7 18. e5 Nd5 19. Nxd5 Bxd5 20. Bd2 Rfd8 21. Bb4
c5 22. Bc3 Qb7 23. Rd2 a5 24. Rf2 {(=)} 1/2-1/2

[Event "34. ABC-Turnier 2014 - Gruppe C"]
[Site "Dortmund"]
[Date "2014.11.20"]
[Round "6.5"]
[White "Reinacher, Detlev"]
[Black "Lange, Hans-Werner"]
[Result "0-1"]
[WhiteElo "1543"]
[BlackElo "1541"]
[PlyCount "66"]
[EventDate "2014.??.??"]

1. e4 g6 2. d3 Bg7 3. Nf3 d6 4. g3 Nf6 5. Bg2 c6 6. O-O O-O 7. Nbd2 Bg4 8. c3
Qc8 9. Re1 Nbd7 10. Qc2 Bxf3 11. Nxf3 Qc7 12. b3 Rac8 13. Bb2 a5 14. Rad1 e5
15. Bh3 b5 16. d4 Rfe8 17. dxe5 dxe5 18. Ba3 Rcd8 19. Bd6 Qa7 20. Bxe5 Nxe5 21.
Nxe5 Rxd1 22. Rxd1 Rxe5 23. Rd8+ Bf8 24. Qd2 Nxe4 25. Qf4 Qe7 26. Rd7 Qf6 27.
Qxf6 Nxf6 28. Rd2 c5 29. Bf1 Re1 30. Kg2 Ne4 31. Rc2 b4 32. c4 Bg7 33. Bd3 Nc3
0-1

[Event "34. ABC-Turnier 2014 - Gruppe C"]
[Site "Dortmund"]
[Date "2014.11.27"]
[Round "7.2"]
[White "Schrimpl, Michael"]
[Black "Reinacher, Detlev"]
[Result "1/2-1/2"]
[WhiteElo "1481"]
[BlackElo "1543"]
[PlyCount "84"]
[EventDate "2014.??.??"]

1. d4 Nf6 2. c4 d6 3. Nf3 g6 4. Nc3 Bg7 5. e4 O-O 6. Be2 c6 7. O-O Qc7 8. Qc2
Nbd7 9. b3 a6 10. Bb2 e5 11. Rfd1 b6 12. Rac1 Bb7 13. d5 cxd5 14. Nxd5 Nxd5 15.
cxd5 Qxc2 16. Rxc2 Rac8 17. Rdc1 Rxc2 18. Rxc2 Rc8 19. Ne1 Nc5 20. f3 a5 21.
Ba3 f5 22. Nd3 fxe4 23. Nxc5 Bxd5 24. Bc4 Bxc4 25. Nxe4 Be6 26. Rxc8+ Bxc8 27.
Bxd6 b5 28. Bc7 a4 29. bxa4 bxa4 30. Nc5 a3 31. Bd6 Bf8 32. Ne4 Be6 33. Bxf8
Kxf8 34. Nc3 Ke7 35. Nb5 Bxa2 36. Nxa3 {(=)} 36... g5 37. Kf2 h5 38. Nc2 Kf6
39. g3 Bd5 40. Ne3 Bb7 41. h4 gxh4 42. gxh4 Bc6 {(=)} 1/2-1/2

[Event "34. ABC-Turnier 2014 - Gruppe C"]
[Site "Dortmund"]
[Date "2014.11.27"]
[Round "7.3"]
[White "Benke, Werner"]
[Black "Kirmes, Hans-Uwe"]
[Result "0-1"]
[WhiteElo "1439"]
[BlackElo "1376"]
[PlyCount "50"]
[EventDate "2014.??.??"]

1. d4 f5 2. Nf3 Nf6 3. c4 e6 4. Bg5 Be7 5. e3 O-O 6. Nbd2 c6 7. Be2 d5 8. O-O
Nbd7 9. Rc1 Ne4 10. Bxe7 Qxe7 11. h3 b6 12. a3 Bb7 13. cxd5 exd5 14. Nb3 Rac8
15. Re1 Rf6 16. Nh2 Rcf8 17. f4 Re8 18. Nf3 h6 19. Ne5 Nxe5 20. dxe5 Rff8 21.
Nd4 Rc8 22. Bf3 a6 23. g4 g6 24. b4 Qh4 25. Bxe4 fxe4 {
und Schwarz gewann nach einigen Zuegen ...} 0-1

[Event "34. ABC-Turnier 2014 - Gruppe C"]
[Site "Dortmund"]
[Date "2014.11.27"]
[Round "7.4"]
[White "Reich, Peter"]
[Black "Vogt, Christian"]
[Result "1/2-1/2"]
[WhiteElo "1510"]
[BlackElo "1545"]
[PlyCount "33"]
[EventDate "2014.??.??"]

1. e4 c6 2. Nf3 d5 3. exd5 cxd5 4. d4 Nc6 5. c3 g6 6. Bf4 Bg7 7. Bd3 Nf6 8.
Nbd2 Bf5 9. Bxf5 gxf5 10. Qc2 Ne4 11. Ng5 e5 12. Ngxe4 fxe4 13. dxe5 Nxe5 14.
Bxe5 Bxe5 15. O-O Qc7 16. Qa4+ Qc6 17. Qxc6+ {(=)} 1/2-1/2

[Event "34. ABC-Turnier 2014 - Gruppe C"]
[Site "Dortmund"]
[Date "2014.11.27"]
[Round "7.5"]
[White "Wickenfeld, Udo"]
[Black "Link, Werner"]
[Result "1/2-1/2"]
[WhiteElo "1380"]
[BlackElo "1465"]
[PlyCount "41"]
[EventDate "2014.??.??"]

1. d4 d5 2. Nf3 Nf6 3. c4 c6 4. cxd5 cxd5 5. Bg5 e6 6. a3 a6 7. Nc3 Be7 8. e3
Nbd7 9. Be2 O-O 10. O-O b5 11. b4 Bb7 12. Ne5 Nxe5 13. dxe5 Ne4 14. Bxe7 Qxe7
15. Rc1 Rfd8 16. Qd4 Nxc3 17. Rxc3 Rdc8 18. Rfc1 Rxc3 19. Rxc3 Rc8 20. Rxc8+
Bxc8 21. Qb6 {(=)} 1/2-1/2

[Event "34. ABC-Turnier 2014 - Gruppe C"]
[Site "Dortmund"]
[Date "2014.12.04"]
[Round "8.1"]
[White "Giesenberg, Angela"]
[Black "Link, Werner"]
[Result "0-1"]
[WhiteElo "1544"]
[BlackElo "1465"]
[PlyCount "66"]
[EventDate "2014.??.??"]

1. Nf3 Nf6 2. d3 d5 3. Nbd2 g6 4. g3 Bg7 5. Bg2 O-O 6. O-O Nbd7 7. e4 e5 8. Re1
Re8 9. c3 c6 10. Qc2 b6 11. b4 Bb7 12. Bb2 b5 13. exd5 Nxd5 14. a3 Qb6 15. Ne4
Qc7 16. c4 bxc4 17. dxc4 N5b6 18. c5 Nd5 19. Nd6 Re7 20. Nxb7 Qxb7 21. Rad1 a5
22. Nh4 axb4 23. Bxd5 bxa3 24. Bxf7+ Rxf7 25. Ba1 Qb4 26. Rb1 Qxc5 27. Qxc5
Nxc5 28. Bxe5 Nd3 29. Bxg7 Nxe1 30. Ba1 Nc2 31. f4 Nxa1 32. Rxa1 a2 33. Ng2 Rb7
0-1

[Event "34. ABC-Turnier 2014 - Gruppe C"]
[Site "Dortmund"]
[Date "2014.12.04"]
[Round "8.2"]
[White "Vogt, Christian"]
[Black "Wickenfeld, Udo"]
[Result "0-1"]
[WhiteElo "1545"]
[BlackElo "1380"]
[PlyCount "65"]
[EventDate "2014.??.??"]

1. d4 Nf6 2. Nf3 g6 3. Bg5 Bg7 4. e3 d6 5. Nbd2 O-O 6. c3 e5 7. Be2 h6 8. Bxf6
Bxf6 9. O-O Bg7 10. Qc2 f5 11. dxe5 dxe5 12. Rfd1 Qe7 13. e4 f4 14. Ne1 c6 15.
a4 Nd7 16. a5 a6 17. Nc4 Rb8 18. Rd2 Nf6 19. Rad1 Bg4 20. f3 Be6 21. Nxe5 Qc5+
22. Kh1 Qxe5 23. Nd3 Qxa5 24. Nxf4 Bf7 25. Rd6 Qe5 26. g3 Kh7 27. Ng2 Ne8 28.
Rd7 Nf6 29. R7d6 Rfe8 30. Qa4 Bf8 31. f4 Qxe4 32. Qxe4 Nxe4 33. Rd7 0-1

[Event "34. ABC-Turnier 2014 - Gruppe C"]
[Site "Dortmund"]
[Date "2014.12.04"]
[Round "8.3"]
[White "Kirmes, Hans-Uwe"]
[Black "Reich, Peter"]
[Result "1/2-1/2"]
[WhiteElo "1376"]
[BlackElo "1510"]
[PlyCount "51"]
[EventDate "2014.??.??"]

1. f4 d5 2. Nf3 Nf6 3. e3 e6 4. b3 Be7 5. Bb2 O-O 6. Bd3 Nbd7 7. O-O Nc5 8. Be2
Bd7 9. Ne5 a5 10. d3 Bb5 11. Qe1 Nfd7 12. Nd2 Bh4 13. g3 Be7 14. Ndf3 a4 15. b4
Na6 16. a3 Nxe5 17. Nxe5 c5 18. c4 Be8 19. b5 Nc7 20. Rd1 f6 21. Nf3 Bh5 22. h3
Bd6 23. g4 Bf7 24. h4 Qe7 25. Qd2 Rad8 26. Qe1 1/2-1/2

[Event "34. ABC-Turnier 2014 - Gruppe C"]
[Site "Dortmund"]
[Date "2014.11.06"]
[Round "8.4"]
[White "Reinacher, Detlev"]
[Black "Benke, Werner"]
[Result "1/2-1/2"]
[WhiteElo "1543"]
[BlackElo "1439"]
[PlyCount "56"]
[EventDate "2014.??.??"]

1. e4 e6 2. d3 d5 3. Nd2 dxe4 4. dxe4 e5 5. g3 Nf6 6. Bg2 Nbd7 7. Ngf3 Bd6 8.
O-O O-O 9. b3 Re8 10. Bb2 Qe7 11. a3 c6 12. c4 b6 13. Qc2 Bb7 14. Nh4 g6 15.
Rfd1 Rad8 16. Nf1 Nf8 17. Qc3 Bc7 18. Ne3 Rxd1+ 19. Rxd1 Rd8 20. Rxd8 Qxd8 21.
f4 Ng4 22. Nxg4 Qd1+ 23. Bf1 Qxg4 24. fxe5 Ne6 25. Qf3 Qxf3 26. Nxf3 Nc5 27.
Nd2 Nd7 28. Nf3 Nc5 1/2-1/2

[Event "34. ABC-Turnier 2014 - Gruppe C"]
[Site "Dortmund"]
[Date "2014.12.04"]
[Round "8.5"]
[White "Lange, Hans-Werner"]
[Black "Schrimpl, Michael"]
[Result "1-0"]
[WhiteElo "1541"]
[BlackElo "1481"]
[PlyCount "65"]
[EventDate "2014.??.??"]

1. Nf3 Nf6 2. d4 e6 3. Bf4 c5 4. e3 Qb6 5. Bd3 Qxb2 6. Nbd2 cxd4 7. exd4 d5 8.
O-O Nc6 9. Nb3 Qa3 10. Re1 Bb4 11. Re2 Bc3 12. Rb1 Qxa2 13. Bb5 O-O 14. Bxc6
bxc6 15. Be5 Ng4 16. Qc1 f6 17. Bd6 Re8 18. h3 Ba6 19. Re1 Nxf2 20. Re3 Nxh3+
21. gxh3 Bxd4 22. Nfxd4 Qa4 23. Ra1 Qc4 24. Rg3 g6 25. Qd2 Bb7 26. Rc3 Qxc3 27.
Qxc3 a6 28. Na5 e5 29. Ndxc6 Bxc6 30. Qxc6 d4 31. Rb1 Kg7 32. Rb7+ Kh6 33. Qd7
1-0

[Event "34. ABC-Turnier 2014 - Gruppe C"]
[Site "Dortmund"]
[Date "2014.12.07"]
[Round "9.1"]
[White "Schrimpl, Michael"]
[Black "Giesenberg, Angela"]
[Result "0-1"]
[WhiteElo "1481"]
[BlackElo "1544"]
[PlyCount "48"]
[EventDate "2014.??.??"]

1. c4 Nf6 2. Nc3 g6 3. d4 Bg7 4. e4 d6 5. Be2 O-O 6. f4 e5 7. Nf3 exd4 8. Nxd4
Re8 9. Qd3 Nbd7 10. O-O Nc5 11. Qd1 Nfxe4 12. Nxe4 Nxe4 13. Bf3 c6 14. Nc2 f5
15. Rb1 Be6 16. Be2 Qc7 17. Be3 c5 18. Qe1 Rad8 19. Na3 a6 20. Nc2 Qf7 21. Na3
d5 22. cxd5 Bxd5 23. b3 Nc3 24. Rb2 Rxe3 0-1

[Event "34. ABC-Turnier 2014 - Gruppe C"]
[Site "Dortmund"]
[Date "2014.11.13"]
[Round "9.2"]
[White "Benke, Werner"]
[Black "Lange, Hans-Werner"]
[Result "0-1"]
[WhiteElo "1439"]
[BlackElo "1541"]
[PlyCount "120"]
[EventDate "2014.??.??"]

1. d4 g6 2. Nf3 Bg7 3. Bf4 c5 4. c3 cxd4 5. cxd4 Nf6 6. e3 d6 7. h3 O-O 8. Be2
Bf5 9. Nc3 a6 10. O-O Nc6 11. Rc1 Qa5 12. Qa4 Qd8 13. Qd1 Rc8 14. Bd3 Bd7 15.
Ne4 Qa5 16. Nxf6+ Bxf6 17. Bb1 Rfd8 18. Qd2 Qb6 19. Qe2 e5 20. dxe5 dxe5 21.
Bg5 Bxg5 22. Nxg5 Ne7 23. Rfd1 Rxc1 24. Rxc1 Qf6 25. Ne4 Qg7 26. Rd1 f5 27.
Qc4+ Kh8 28. Ng5 Qg8 29. Nf7+ Kg7 30. Nxe5 Bb5 31. Rxd8 Qxd8 32. Qf7+ Kh6 33.
Qxg6+ hxg6 34. Nf7+ Kg7 35. Nxd8 Bc6 36. Bc2 b6 37. Bd3 a5 38. Ne6+ Kf6 39. Nd4
Bd7 40. f3 Nd5 41. Kf2 g5 42. g3 f4 43. gxf4 gxf4 44. e4 Ne3 45. h4 Nd1+ 46.
Ke2 Nxb2 47. Bb1 Na4 48. Kd2 Ke5 49. Ne2 b5 50. Nc3 Nc5 51. Bd3 b4 52. Nd1 Kd4
53. Bf1 Be6 54. Kc2 Bxa2 55. Kb2 Bf7 56. Kb1 Bh5 57. Be2 Nxe4 58. Kc2 a4 59.
Kb2 Ng3 60. Bb5 a3+ 0-1

[Event "34. ABC-Turnier 2014 - Gruppe C"]
[Site "Dortmund"]
[Date "2014.12.14"]
[Round "9.3"]
[White "Reich, Peter"]
[Black "Reinacher, Detlev"]
[Result "1/2-1/2"]
[WhiteElo "1510"]
[BlackElo "1543"]
[PlyCount "39"]
[EventDate "2014.??.??"]

1. e4 d6 2. Nf3 g6 3. Bc4 e5 4. d3 Bg7 5. O-O Nf6 6. Bg5 Nbd7 7. Nc3 c6 8. a4
b6 9. Qd2 Bb7 10. Rfe1 O-O 11. Rad1 Qc7 12. Ne2 Rfe8 13. Ng3 d5 14. Ba2 Rad8
15. Nh4 Nc5 16. b4 Nxa4 17. Bb3 b5 18. Bxa4 bxa4 19. Ra1 Rd7 20. Rxa4 1/2-1/2

[Event "34. ABC-Turnier 2014 - Gruppe C"]
[Site "Dortmund"]
[Date "2014.11.13"]
[Round "9.4"]
[White "Wickenfeld, Udo"]
[Black "Kirmes, Hans-Uwe"]
[Result "0-1"]
[WhiteElo "1380"]
[BlackElo "1376"]
[PlyCount "110"]
[EventDate "2014.??.??"]

1. d4 f5 2. c4 Nf6 3. Nc3 e6 4. Bg5 d6 5. e3 Nbd7 6. Bd3 Be7 7. Nge2 c6 8. O-O
O-O 9. Nf4 Nb6 10. Nfe2 d5 11. c5 Nbd7 12. Nf4 Nb8 13. Nfe2 Ne4 14. Bxe7 Qxe7
15. Nxe4 fxe4 16. Bc2 e5 17. b4 Bg4 18. Qd2 Bxe2 19. Qxe2 exd4 20. exd4 Nd7 21.
Bb3 Nf6 22. Rae1 Rae8 23. a4 a6 24. a5 Qd7 25. h3 Re7 26. Qe3 Rfe8 27. Bd1 Qe6
28. g4 Qf7 29. Qf4 Nd7 30. Qxf7+ Kxf7 31. Re3 Nf6 32. Kh2 Kg8 33. g5 Nd7 34. h4
Nf8 35. h5 Ne6 36. Rg1 Nxd4 37. g6 h6 38. Rge1 Nf5 39. Ra3 Re5 40. Bg4 Nd4 41.
Bd1 Kf8 42. Rae3 Nf5 43. Ra3 Ke7 44. f4 Re6 45. Bg4 Kf6 46. Bxf5 Kxf5 47. Kg3
d4 48. Ra2 e3 49. Kf3 d3 50. Raa1 e2 51. Ra2 Re3+ 52. Kf2 Kxf4 53. Rd2 Rf3+ 54.
Kg1 Ke3 55. Rdd1 d2 0-1

[Event "34. ABC-Turnier 2014 - Gruppe D"]
[Site "Dortmund"]
[Date "2014.10.02"]
[Round "1.2"]
[White "Herrmann, Rudolf"]
[Black "Jentzsch, Werner W"]
[Result "0-1"]
[WhiteElo "1366"]
[BlackElo "1369"]
[PlyCount "98"]
[EventDate "2014.??.??"]

1. d4 d5 2. Nf3 Nf6 3. e3 Bf5 4. Be2 Nc6 5. O-O e6 6. a3 a6 7. c4 Be7 8. Nc3
O-O 9. b4 dxc4 10. Bxc4 b5 11. Bd3 Bxd3 12. Qxd3 h6 13. Rd1 Nd5 14. Bb2 Bd6 15.
Ne4 Nce7 16. Nxd6 cxd6 17. e4 Nb6 18. h3 Ng6 19. e5 d5 20. Bc1 Qe7 21. Be3 Rfc8
22. Rdc1 Nc4 23. Qb3 Rc7 24. Nd2 Rac8 25. Nxc4 Rxc4 26. Rxc4 Rxc4 27. Rc1 Qc7
28. Rxc4 Qxc4 29. Qb2 Ne7 30. g4 Nc6 31. Kg2 Qd3 32. Qc1 Nxd4 33. Bxd4 Qxd4 34.
Qe3 Qxe3 35. fxe3 g5 36. Kf3 f6 37. exf6 Kf7 38. e4 Kxf6 39. exd5 exd5 40. Ke3
Ke5 41. Kd3 d4 42. Kd2 Ke4 43. Ke2 d3+ 44. Kd2 Kd4 45. Kd1 Ke3 46. Ke1 d2+ 47.
Kd1 Kd3 48. a4 bxa4 49. h4 a3 0-1

[Event "34. ABC-Turnier 2014 - Gruppe D"]
[Site "Dortmund"]
[Date "2014.10.02"]
[Round "1.3"]
[White "Schlettig, Hans-Joachim"]
[Black "Wenzel, Jakoba"]
[Result "1-0"]
[WhiteElo "1123"]
[BlackElo "1116"]
[PlyCount "111"]
[EventDate "2014.??.??"]

1. e4 Nc6 2. d4 e5 3. d5 Nce7 4. Nf3 f5 5. Nc3 d6 6. Bg5 h6 7. Bxe7 Qxe7 8. Be2
a6 9. Qd2 Nf6 10. Bd3 g5 11. g3 fxe4 12. Nxe4 Bg4 13. Nxf6+ Qxf6 14. Ng1 O-O-O
15. Be4 Rd7 16. f3 Rf7 17. O-O-O Bf5 18. Bxf5+ Qxf5 19. g4 Qf6 20. Qc3 Qf4+ 21.
Kb1 Bg7 22. Rf1 e4 23. Qb3 Re8 24. Ne2 Qe5 25. Nc1 e3 26. Nd3 Qd4 27. Nc1 e2
28. Re1 Rxf3 29. c3 Rxc3 30. bxc3 Qe4+ 31. Ka1 Qf3 32. Kb2 Re3 33. Qc2 Bxc3+
34. Kb1 Bxe1 35. Rxe1 Qxd5 36. Rxe2 Qb5+ 37. Ka1 Qe5+ 38. Qb2 Qxb2+ 39. Kxb2
Rxe2+ 40. Nxe2 d5 41. Nd4 c5 42. Nf5 d4 43. Nxh6 c4 44. Nf7 b5 45. Nxg5 b4 46.
Nf3 d3 47. g5 c3+ 48. Kc1 Kd7 49. g6 Ke7 50. h4 Kf8 51. h5 Kg7 52. Ne5 d2+ 53.
Kc2 a5 54. Nc6 Kh6 55. Nxa5 Kg5 56. g7 1-0

[Event "34. ABC-Turnier 2014 - Gruppe D"]
[Site "Dortmund"]
[Date "2014.10.02"]
[Round "1.4"]
[White "Schulz, Robin"]
[Black "Hofscheuer, Hans"]
[Result "1-0"]
[WhiteElo "1280"]
[BlackElo "1102"]
[PlyCount "99"]
[EventDate "2014.??.??"]

1. d4 d5 2. Nc3 Nf6 3. Bf4 a6 4. Nf3 Bg4 5. e3 e6 6. Be2 Bxf3 7. Bxf3 Bb4 8.
O-O O-O 9. Qd3 Nc6 10. Ne2 Qe7 11. a3 Ba5 12. Rfd1 e5 13. dxe5 Nxe5 14. Bxe5
Qxe5 15. b4 Bb6 16. Rac1 Rad8 17. Qb3 c6 18. Rd3 Bc7 19. Ng3 h5 20. Rd4 g5 21.
h4 gxh4 22. Rxh4 Qg5 23. Rh3 h4 24. Ne2 Be5 25. c4 d4 26. Bxc6 bxc6 27. f4 Bxf4
28. exf4 Qh6 29. g3 Qh5 30. Qd3 Rfe8 31. Rc2 Re3 32. Rxh4 Qf3 33. Qf5 Rxa3 34.
Qg5+ Kf8 35. Rh8+ Ke7 36. Qe5+ Kd7 37. Qxd4+ Nd5 38. Qa7+ Nc7 39. Rd2+ Rd3 40.
Rxd8+ Kxd8 41. Rxd3+ Qxd3 42. Qd4+ Qxd4+ 43. Nxd4 Kd7 44. Kf2 Ne6 45. Nxe6 Kxe6
46. Ke3 f5 47. Kd4 Kd6 48. c5+ Ke6 49. Kc4 Kd7 50. Kd4 1-0

[Event "34. ABC-Turnier 2014 - Gruppe D"]
[Site "Dortmund"]
[Date "2014.11.13"]
[Round "1.5"]
[White "Heinz, Hans-Werner"]
[Black "Böckmann, Lieselotte"]
[Result "1/2-1/2"]
[WhiteElo "1148"]
[BlackElo "1055"]
[PlyCount "54"]
[EventDate "2014.??.??"]

1. e4 e6 2. Nf3 d5 3. e5 c5 4. d4 a6 5. c3 Nc6 6. g3 c4 7. Bg2 Be7 8. O-O Bd7
9. Be3 h6 10. Nbd2 f6 11. exf6 Nxf6 12. h3 O-O 13. Re1 Bd6 14. Bf4 Bxf4 15.
gxf4 Nh5 16. Ne5 Nxf4 17. Nxd7 Qxd7 18. Qg4 Rae8 19. Re3 h5 20. Qh4 Nxg2 21.
Kxg2 Qf7 22. Rf1 Ne7 23. Rf3 Qg6+ 24. Kh2 Nf5 25. Qf4 Qh7 26. Rg1 Ne7 27. Qg5
Nf5 1/2-1/2

[Event "34. ABC-Turnier 2014 - Gruppe D"]
[Site "Dortmund"]
[Date "2014.10.16"]
[Round "2.3"]
[White "Wenzel, Jakoba"]
[Black "Schulz, Robin"]
[Result "1-0"]
[WhiteElo "1116"]
[BlackElo "1280"]
[PlyCount "93"]
[EventDate "2014.??.??"]

1. c4 Nf6 2. d4 e6 3. Nc3 d5 4. e3 c6 5. Nf3 Nbd7 6. a3 c5 7. Ne5 Nxe5 8. dxe5
d4 9. Qa4+ Bd7 10. Nb5 a6 11. exf6 axb5 12. Qd1 Qxf6 13. Bd3 Bd6 14. cxb5 e5
15. Qe2 Bc7 16. O-O O-O 17. Qc2 e4 18. Bxe4 Qe5 19. Bxh7+ Kh8 20. f4 Qh5 21.
Be4 Bxb5 22. Bf3 Qh6 23. Rf2 dxe3 24. Bxe3 Rfe8 25. Qxc5 Bc6 26. Bxc6 Qxc6 27.
Qh5+ Kg8 28. Rf3 Qh6 29. Qxh6 gxh6 30. Rg3+ Kh7 31. Bd4 Rg8 32. Rxg8 Rxg8 33.
g3 Rd8 34. Be5 Bb6+ 35. Kg2 Kg6 36. Kh3 h5 37. g4 Rd3+ 38. Kg2 f6 39. f5+ Kg5
40. h4+ Kxg4 41. Bxf6 Rg3+ 42. Kh2 Bc7 43. Rg1 Kxf5 44. Rxg3 Kxf6 45. Kg2 Bxg3
46. Kxg3 Ke5 47. a4 1-0

[Event "34. ABC-Turnier 2014 - Gruppe D"]
[Site "Dortmund"]
[Date "2014.10.10"]
[Round "2.4"]
[White "Jentzsch, Werner W"]
[Black "Schlettig, Hans-Joachim"]
[Result "0-1"]
[WhiteElo "1369"]
[BlackElo "1123"]
[PlyCount "86"]
[EventDate "2014.??.??"]

1. d4 d5 2. Nc3 c5 3. e3 Nf6 4. Nf3 Bg4 5. Be2 Nc6 6. O-O e6 7. a3 Bd6 8. Nb5
a6 9. Nxd6+ Qxd6 10. dxc5 Qxc5 11. h3 Bxf3 12. Bxf3 O-O 13. b4 Qd6 14. Bb2 Qe7
15. Bd4 Nxd4 16. Qxd4 Rfd8 17. Rac1 Rac8 18. Rfd1 Rc4 19. Qb2 Qc7 20. Be2 Rc3
21. Rd3 Rc8 22. Rxc3 Qxc3 23. Qxc3 Rxc3 24. a4 Ne4 25. Bd3 Nd2 26. Rd1 Nc4 27.
Bxc4 Rxc4 28. Rd4 Rxc2 29. e4 Rc4 30. Rxc4 dxc4 31. Kf1 b5 32. axb5 axb5 33. f4
Kf8 34. g4 Ke7 35. Ke2 g6 36. Ke3 Kd6 37. h4 e5 38. f5 gxf5 39. exf5 Ke7 40. g5
f6 41. g6 hxg6 42. fxg6 Kf8 43. h5 Kg7 0-1

[Event "34. ABC-Turnier 2014 - Gruppe D"]
[Site "Dortmund"]
[Date "2014.11.13"]
[Round "2.5"]
[White "Strotmann, Dieter"]
[Black "Herrmann, Rudolf"]
[Result "1/2-1/2"]
[WhiteElo "1248"]
[BlackElo "1366"]
[PlyCount "63"]
[EventDate "2014.??.??"]

1. Nf3 d5 2. d4 Nf6 3. Bf4 e6 4. e3 Be7 5. Nbd2 c5 6. c4 O-O 7. Be2 cxd4 8.
exd4 Nc6 9. c5 b6 10. Nb3 bxc5 11. dxc5 Ne4 12. Rc1 a5 13. Nfd4 Bb7 14. Nxc6
Bxc6 15. O-O a4 16. Nd4 Qc8 17. Bd6 Re8 18. Nb5 Bxd6 19. cxd6 Rd8 20. Qc2 Bxb5
21. Qxc8 Raxc8 22. Bxb5 Nxd6 23. Bxa4 Ne4 24. f3 Nc5 25. Bb5 Kf8 26. a4 Ke7 27.
Rc3 Nb7 28. Rfc1 Rxc3 29. Rxc3 Na5 30. b4 Nc4 31. Bxc4 dxc4 32. Rxc4 {(=)}
1/2-1/2

[Event "34. ABC-Turnier 2014 - Gruppe D"]
[Site "Dortmund"]
[Date "2014.11.03"]
[Round "3.2"]
[White "Schlettig, Hans-Joachim"]
[Black "Strotmann, Dieter"]
[Result "0-1"]
[WhiteElo "1123"]
[BlackElo "1248"]
[PlyCount "70"]
[EventDate "2014.??.??"]

1. e4 e5 2. Nf3 d6 3. Bc4 Be7 4. h3 h6 5. O-O Nf6 6. d3 O-O 7. Be3 Nc6 8. a3
Bd7 9. Nc3 Qc8 10. Kh2 Be6 11. Bxe6 Qxe6 12. Qd2 Nh7 13. Ne2 f5 14. exf5 Rxf5
15. Ng3 Rf7 16. Rg1 Kh8 17. Rae1 Rg8 18. c3 g5 19. Rh1 d5 20. Nd4 Qd7 (20...
exd4 $1 21. Bxd4+ Nxd4 22. Rxe6 Nxe6) 21. Ndf5 Rxf5 22. Nxf5 Qxf5 23. Ref1 d4
24. Re1 dxe3 25. Qxe3 Qf4+ 26. g3 Qxe3 27. Rxe3 Nf6 28. g4 Bd6 29. Kg2 Nd5 30.
Rf3 Nf4+ 31. Kg3 Rf8 (31... e4 32. dxe4 Ng6+ 33. Kg2 Nh4+) 32. Re1 Rf7 (32...
e4 $1) 33. h4 Ne7 34. hxg5 hxg5 35. b4 Rh7 0-1

[Event "34. ABC-Turnier 2014 - Gruppe D"]
[Site "Dortmund"]
[Date "2014.10.23"]
[Round "3.3"]
[White "Schulz, Robin"]
[Black "Jentzsch, Werner W"]
[Result "1-0"]
[WhiteElo "1280"]
[BlackElo "1369"]
[PlyCount "107"]
[EventDate "2014.??.??"]

1. e4 e6 2. Nc3 d5 3. exd5 exd5 4. d4 Nf6 5. Nf3 Be7 6. Bd3 Bg4 7. O-O Nc6 8.
Be2 O-O 9. Bf4 a6 10. Ne5 Bxe2 11. Nxe2 Nxe5 12. Bxe5 Bd6 13. Nf4 c6 14. b3 Re8
15. Re1 Qc7 16. Nd3 Ne4 17. Bxd6 Qxd6 18. Rc1 Nc3 19. Qd2 Ne4 20. Qb4 Qxb4 21.
Nxb4 Re6 22. c4 Rae8 23. cxd5 cxd5 24. Nxd5 Nd6 25. Re3 g6 26. Rce1 Rxe3 27.
Rxe3 Rxe3 28. fxe3 b5 29. Nc7 Nf5 30. Kf2 Nd6 31. Nxa6 Ne4+ 32. Kf3 Nc3 33. Nb4
f5 34. Kf4 Kf7 35. d5 Kf6 36. h4 h6 37. g3 Ne2+ 38. Kf3 Nc3 39. g4 fxg4+ 40.
Kxg4 Ke5 41. Nc6+ Kd6 42. Nd8 Kxd5 43. Nf7 Nxa2 44. Nxh6 Ke6 45. Kg5 Nc1 46.
Kxg6 Nxb3 47. Nf5 b4 48. h5 Nc5 49. h6 Nd7 50. Nd4+ Kd6 51. Kg7 Nc5 52. h7 b3
53. h8=Q b2 54. Qb8+ 1-0

[Event "34. ABC-Turnier 2014 - Gruppe D"]
[Site "Dortmund"]
[Date "2014.10.23"]
[Round "3.4"]
[White "Heinz, Hans-Werner"]
[Black "Wenzel, Jakoba"]
[Result "0-1"]
[WhiteElo "1148"]
[BlackElo "1116"]
[PlyCount "72"]
[EventDate "2014.??.??"]

1. e4 d6 2. d4 g6 3. Nf3 Bg7 4. c3 e6 5. d5 Nf6 6. Bd3 O-O 7. c4 Qe7 8. O-O Na6
9. Nc3 Nc5 10. Bc2 b6 11. Re1 e5 12. h3 Nh5 13. Nh2 Nf4 14. Re3 Bh6 15. Rf3 Qh4
16. Qf1 Qg5 17. Rg3 Qh5 18. Bd1 Qh4 19. Nf3 Qf6 20. h4 Ncd3 21. Ne2 Nxc1 22.
Nxc1 Nh5 23. Rg5 Bxg5 24. Nxg5 h6 25. Nf3 Bg4 26. Nd3 g5 27. hxg5 hxg5 28. Nde1
Kg7 29. Nh2 Bxd1 30. Rxd1 Rh8 31. Rd3 Nf4 32. Rf3 Rxh2 33. Kxh2 Rh8+ 34. Kg1
Rh4 35. g3 Rg4 36. Ng2 Nh3+ 0-1